|
|
|
|
| LEADER |
00000cam a2200000 7i4500 |
| 001 |
0000081328 |
| 005 |
20181107.0 |
| 008 |
181104 |
| 020 |
|
|
|a 9789678605519
|
| 041 |
0 |
|
|a Malay
|
| 090 |
0 |
0 |
|a 746.432
|b ERL
|
| 100 |
0 |
|
|a Erliani Yusof
|
| 245 |
0 |
0 |
|a Variasi Asas Knitting :
|b seni jahitan mengait menggunakan dua jarum
|c Erliani Yusof
|
| 260 |
|
|
|a Selangor :
|b Grup Buku Karangkraf Sdn. Bhd. ,
|c 2015
|
| 300 |
|
|
|a 119p. ;
|c 27.4cm.
|
| 541 |
0 |
0 |
|c Purchased on 2018
|
| 541 |
0 |
0 |
|f 1901/18 STA
|h RM23.00
|
| 650 |
|
0 |
|a Knitting
|
| 650 |
|
0 |
|a Knitting
|x patterns
|
| 999 |
|
|
|a 0001520029
|b Book
|c Adult Collection
|e Cawangan Taman Sri Lambak
|
| 999 |
|
|
|a 0001520030
|b Book
|c Adult Collection
|e Cawangan Tmn. Ungku Tun Aminah
|
| 999 |
|
|
|a 0001520031
|b Book
|c Adult Collection
|e Cawangan Bandar Penawar
|
| 999 |
|
|
|a 0001520032
|b Book
|c Adult Collection
|e Cawangan Pontian
|
| 999 |
|
|
|a 0001520033
|b Book
|c Adult Collection
|e Cawangan Kota Tinggi
|
| 999 |
|
|
|a 0001520034
|b Book
|c Adult Collection
|e Cawangan Mersing
|
| 999 |
|
|
|a 0001520035
|b Book
|c Adult Collection
|e Cawangan Sri Merlong
|
| 999 |
|
|
|a 0001520036
|b Book
|c Adult Collection
|e Cawangan Muar
|
| 999 |
|
|
|a 0001520037
|b Book
|c Adult Collection
|e Cawangan Bandar Tenggara
|
| 999 |
|
|
|a 0001520038
|b Book
|c Adult Collection
|e Cawangan Segamat
|
| 999 |
|
|
|a 0001520039
|b Book
|c Adult Collection
|e Cawangan Tangkak
|
| 999 |
|
|
|a 0001520040
|b Book
|c Adult Collection
|e Cawangan Batu Pahat
|
| 999 |
|
|
|a 0001520041
|b Book
|c Adult Collection
|e Cawangan Bukit Gambir
|
| 999 |
|
|
|a 0001520670
|b Book
|c Adult Collection
|e Perbadanan Perpustakaan Awam Johor
|
| 999 |
|
|
|a 0001520671
|b Book
|c Adult Collection
|e Cawangan AEON Kulaijaya
|
| 999 |
|
|
|a 0001520672
|b Book
|c Adult Collection
|e Cawangan Urban Transformation Centre
|
| 999 |
|
|
|a 0001520673
|b Book
|c Adult Collection
|e Perbadanan Perpustakaan Awam Johor
|